00461nam a2200145Ia 4500008004100000100003100041245007600072245003100148260005900179260000900238300000900247650001800256650001500274856002600289170221s9999 xx 000 0 und d aHasan Gürkan Rengin Ozan aFeminist cinema as counter cinema: Is feminist cinema counter cinema?  cHasan Gürkan Rengin Ozan bOnline Journal of Communication and Media Technologies c2013 a13 : xCommunication xMedia Arts uhttp://www.ojcmt.net/